| 000 | 00531nam a2200193Ia 4500 | ||
|---|---|---|---|
| 005 | 20260429112219.0 | ||
| 008 | 260429s9999||||xx |||||||||||||| ||und|| | ||
| 020 | _a9789392862083 | ||
| 041 | _aEnglish | ||
| 082 |
_a363.7 _bSHR |
||
| 100 | _aShrivastri, Shweta | ||
| 245 | 0 |
_aEnvironmental communication in media / _cShweta Shrivastri |
|
| 250 | _a1st ed. | ||
| 260 |
_aNew Delhi : _bS.K Book agency, _c2023. |
||
| 300 | _aix, 224 p.; hb | ||
| 650 | _a Communication media | ||
| 650 | _aEnvironmental science | ||
| 942 | _cTB | ||
| 999 |
_c52927 _d52927 |
||